Secularisation of Indian mind: a study of political ideas in India from 1885 to 1914 (Record no. 399341)

000 -LEADER
fixed length control field 00524cam a22001577a 4500
008 - FIXED-LENGTH DATA ELEMENTS--GENERAL INFORMATION
fixed length control field 180718b2002 xxu||||| |||| 00| 0 eng d
020 ## - INTERNATIONAL STANDARD BOOK NUMBER
International Standard Book Number 8170337097
082 ## - DEWEY DECIMAL CLASSIFICATION NUMBER
Classification number B12431x54 In2
100 ## - MAIN ENTRY--PERSONAL NAME
Personal name Devi, V. Indira
245 ## - TITLE STATEMENT
Title Secularisation of Indian mind: a study of political ideas in India from 1885 to 1914
Statement of responsibility, etc. by V. Indira Devi
260 ## - PUBLICATION, DISTRIBUTION, ETC.
Place of publication, distribution, etc. Jaipur
Name of publisher, distributor, etc. Rawat
Date of publication, distribution, etc. 2002
300 ## - PHYSICAL DESCRIPTION
Extent 314p.
650 ## - SUBJECT ADDED ENTRY--TOPICAL TERM
Topical term or geographic name entry element Social movements --India.
650 ## - SUBJECT ADDED ENTRY--TOPICAL TERM
Topical term or geographic name entry element Hinduism and social problems --India
650 ## - SUBJECT ADDED ENTRY--TOPICAL TERM
Topical term or geographic name entry element Religion and social problems --India
Holdings
Withdrawn status Lost status Damaged status Not for loan Permanent Location Current Location Date acquired Full call number Barcode Date last seen Price effective from Koha item type
        Indian Institute of Public Administration Indian Institute of Public Administration 2002-03-19 B12431x54 In2 77457 2018-07-21 2018-07-21 Book

Powered by Koha